| 000 | 00714cam a2200157 4500500 | ||
|---|---|---|---|
| 005 | 20260405005218.0 | ||
| 041 | _afre | ||
| 042 | _adc | ||
| 100 | 1 | 0 |
_aRivet de Sabatier, Philippe _eauthor |
| 245 | 0 | 0 | _aMichel Bitbol, La conscience artificielle. Une critique vécue. Éditions Mimesis, “Philosophie”, 2025, 142 pages, €12. |
| 260 | _c2026. | ||
| 500 | _a74 | ||
| 520 | _aAs Art Deco celebrates its centenary, a number of exhibitions in Paris and the surrounding area reflect on the singularity and influence of this movement. | ||
| 786 | 0 | _nÉtudes | 4335 | 3 | 2026-02-25 | p. 132-132 | 0014-1941 | |
| 856 | 4 | 1 | _uhttps://shs.cairn.info/journal-etudes-2026-3-page-132?lang=en&redirect-ssocas=7080 |
| 999 |
_c2081926 _d2081926 |
||